Law Relating to Intellectual Property (Record no. 11076)
[ view plain ]
| 000 -LEADER | |
|---|---|
| fixed length control field | 00440nam a22001817a 4500 |
| 003 - CONTROL NUMBER IDENTIFIER | |
| control field | OSt |
| 008 - FIXED-LENGTH DATA ELEMENTS--GENERAL INFORMATION | |
| fixed length control field | 220127b ||||| |||| 00| 0 eng d |
| 020 ## - INTERNATIONAL STANDARD BOOK NUMBER | |
| International Standard Book Number | 9789350350300 |
| 082 ## - DEWEY DECIMAL CLASSIFICATION NUMBER | |
| Classification number | 352.749 WAL |
| 100 ## - MAIN ENTRY--PERSONAL NAME | |
| Personal name | WADEHRA,BL |
| 245 ## - TITLE STATEMENT | |
| Title | Law Relating to Intellectual Property |
| 250 ## - EDITION STATEMENT | |
| Edition statement | 5th Ed. |
| 260 ## - PUBLICATION, DISTRIBUTION, ETC. (IMPRINT) | |
| Place of publication, distribution, etc | Gurgaon: |
| Name of publisher, distributor, etc | Lexis Nexis, |
| Date of publication, distribution, etc | 2019. |
| 300 ## - PHYSICAL DESCRIPTION | |
| Extent | lxiii, 577 |
| 650 ## - SUBJECT ADDED ENTRY--TOPICAL TERM | |
| Topical term or geographic name as entry element | ECE |
| 700 ## - ADDED ENTRY--PERSONAL NAME | |
| Personal name | PANDAY,Hemant Kumar |
| 942 ## - ADDED ENTRY ELEMENTS (KOHA) | |
| Source of classification or shelving scheme | Dewey Decimal Classification |
| Koha item type | Text Books |
| Withdrawn status | Lost status | Source of classification or shelving scheme | Damaged status | Not for loan | Collection code | Home library | Current library | Date acquired | Source of acquisition | Currency | Cost, normal purchase price | Bill Number | Total Checkouts | Full call number | Acc. no. / Barcode | Date last seen | Actual Cost, discounted price | Bill Date | Koha item type | Date last borrowed |
|---|---|---|---|---|---|---|---|---|---|---|---|---|---|---|---|---|---|---|---|---|
| Dewey Decimal Classification | GENERAL | PIET C-LIBRARY | PIET C-LIBRARY | 04/01/2022 | Kirti Praskshan | IN Rupees | 795.00 | IN3247 | 352.749 WAL | 33423 | 27/01/2022 | 636.00 | 04/01/2022 | Text Books | ||||||
| Dewey Decimal Classification | GENERAL | PIET C-LIBRARY | PIET C-LIBRARY | 04/01/2022 | Kirti Praskshan | IN Rupees | 795.00 | IN3247 | 1 | 352.749 WAL | 33424 | 01/03/2024 | 636.00 | 04/01/2022 | Text Books | 06/09/2022 |